000 007560000a22001930004500
003 LK-CoMWRAF
008 230817t ||||| |||| 00| 0 eng d
040 _aLK-CoMWRAF
_dLK-CoMWRAF
_eLK-CoMWRAF
041 _aeng
100 _aSarvananthan, Muttukrishna
245 _aIn Pursuit of a Mythical State of Tamil Ealam
_bRejoinder to Kristian Stokke - A Long Distance Propagandist (Special Issue)
260 _bPoint Pedro Institute of Development
_aPoint Pedro (Sri Lanka)
_c2006
300 _ap.16
490 _aPPID Working Paper Series
650 _aAreas and Population under the LTTE: Facts and Fiction
650 _aCore Functions of Modern State: Security, Welfare, and Representation
650 _aFreedom Fighters versus Terrorists
942 _cBK
999 _c2282
_d2282